| 000 | 00400nam a22001697a 4500 | ||
|---|---|---|---|
| 005 | 20231220111525.0 | ||
| 008 | 170401b xxu||||| |||| 00| 0 eng d | ||
| 020 | _a978-81259-1879-0 | ||
| 041 | _aeng | ||
| 100 |
_aPANDEY,S.N AND SINHA, B.K _98245 |
||
| 245 | _aPLANT PHYSIOLOGY | ||
| 250 | _a4th | ||
| 260 |
_bVIKAS PUBLISING HOUSE _c2005 |
||
| 300 | _a682 | ||
| 650 | _aAGRICULTURE | ||
| 942 | _cBK | ||
| 999 |
_c5405 _d5403 |
||